Classement du Ballon d'or 1978 - Statistiques

Statistiques générales
  • Ce quiz a été pris 28 fois
  • Le résultat moyen est 9 sur 30
Statistiques - réponses
Classement Joueur Club du joueur Nationalité % Correct
1 Kevin Keegan Hambourg SV Angleterre
90%
22 Michel Platini AS Nancy-Lorraine France
90%
17 Johan Cruyff FC Barcelone / Sans club Pays-Bas
85%
8 Kenny Dalglish Liverpool FC Ecosse
70%
20 Marius Trésor Olympique de Marseille France
60%
27 Hansi Müller VFB Stuttgart Allemagne de l'Ouest
50%
9 Allan Simonsen Borussia Mönchengladbach Danemark
45%
5 Paolo Rossi LR Vicence Italie
45%
29 Karl-Heinz Rummenigge Bayern Munich Allemagne de l'Ouest
40%
23 Zbigniew Boniek Widzew Lodz Pologne
40%
2 Johann Krankl Rapid Vienne / FC Barcelone Autriche
35%
14 Antonio Cabrini Juventus FC Italie
25%
28 Didier Six RC Lens / Olympique de Marseille France
25%
7 Ruud Krol Ajax Amsterdam Pays-Bas
25%
16 Graeme Souness Liverpool FC Ecosse
20%
25 Johan Neeskens FC Barcelone Pays-Bas
20%
3 Rob Rensenbrink RSC Anderlecht Pays-Bas
20%
10 Peter Shilton Nottingham Forest Angleterre
15%
11 Arie Haan RSC Anderlecht Pays-Bas
10%
12 René Van de Kerkhof PSV Eindhoven Pays-Bas
10%
13 Willy Van de Kerkhof PSV Eindhoven Pays-Bas
10%
21 François Van Der Elst RSC Anderlecht Belgique
5%
4 Roberto Bettega Juventus FC Italie
5%
6 Ronnie Hellström FC Kaiserslautern Suède
5%
15 Zdenek Nehoda Dukla Prague Tchécoslovaquie
5%
19 Archie Gemmill Nottingham Forest Ecosse
0%
24 Franco Causio Juventus FC Italie
0%
26 João Alves UD Salamanca / SL Benfica Portugal
0%
18 Marian Masny Slovan Bratislava Tchécoslovaquie
0%
30 Rainer Bonhof Borussia Mönchengladbach / Valence CF Allemagne de l'Ouest
0%
Aucun quiz correspondant
Distribution des résultats
% des personnes avec chaque résultat
Percentile par nombre de réponses
Votre historique - résultats
Vous n’avez pas pris ce quiz